banner-ar

مجموعة اعداد جريدة الشباب : لمحمود بيرم التونسى (فى العدد الاول الى العدد 20) / (Record no. 46231)

MARC details
000 -الفاتح
حقل البيانات ثابتة الطول 00588nam a2200169Ia 4500
008 - عناصر البيانات ثابتة الطول - معلومات عامة
حقل البيانات ثابتة الطول 140319s9999 xx 000 0 ara d
040 ## - مصدر الفهرسة
وكالة الفهرسة الأصلية GCL /
وكالة النسخ GCL
082 04 - رقم تصنيف ديوى العشرى
رقم التصنيف 814
رقم المادة م م
100 1# - المدخل الرئيسى - إسم شخصى
الإسم الشخصى محمود بيرم التونسى
245 10 - بيان العنوان
العنوان مجموعة اعداد جريدة الشباب : لمحمود بيرم التونسى (فى العدد الاول الى العدد 20) /
بيان المسئوليه,etc محمود بيرم التونسى
300 ## - الوصف المادى
التعداد 168 ص
490 ## - بيان السلسلة
عنوان السلسلة
650 04 - المدخل الاضافى بالموضوع-مصطلح موضوعى
مصطلح موضوعي المقالات العربية
650 04 - المدخل الاضافى بالموضوع-مصطلح موضوعى
مصطلح موضوعي المقالات- تاريخ ونقد
942 ## - عناصر المدخل الإضافي( كوها)
مصدر التصنيف او مخطط الترفيف Dewey Decimal Classification
Koha [default] item type كتاب
Holdings
حالة التراجع حالة الفقد حالة تلف ليس للاعارة المكان المؤقت الموقع الحالى تاريخ الاكتساب اجمالي اﻻعارات رقم الطلب الباركود تاريخ اخر مشاهدة تاريخ تفعيل السعر نوع وعاء كوها
        مكتبة القاهرة الكبرى مكتبة القاهرة الكبرى 03/26/2014   814\م م 112517 03/26/2014 03/26/2014 كتاب

Powered By

EGPV